000 01162nam a2200253Ia 4500
003 OSt
005 20210809115523.0
008 210310s1994 ksu gr 000 0 spa d
040 _aCO-JMCR
_cCO-JMCR
041 0 _aspa
082 0 4 _a346.082 /
_bS763
_223
100 1 _aSpong, Kenneth,
_eAuthor
_927130
245 1 0 _aBanking regulation:
_bits purposes, implementation, and effects /
_cKenneth Spong, Federal Reserve Bank os Kansas City
250 _a4th. edition.
260 _aKansas :
_bFederal Reserve Bank of Kansas,
_c1994.
300 _aix, 241 páginas ;
_c24 cm.
501 _aWith: footnotes.
505 _aWhy regulate Banks. -- History of banking regultion. -- banks and bank holding companies. -- Regulatory agencies. -- Regulation for depositor protection and monetary stability. -- Regulation consistent whit an efficient and competitive finacial system. -- Regulation for consumer protection. -- future trends in bnaking
650 1 4 _aBanks and banking
_927132
650 2 4 _aBanking law
_939184
650 2 4 _aBanks and banking
_vState supervision
_939185
710 1 _aFederal Reserve Bank os Kansas City
_eauthor
_939186
942 _2ddc
_cBK
999 _c12042
_d12042